<?xml version="1.0" encoding="UTF-8"?><?xml-stylesheet type="text/xsl" href="static/style.xsl"?><OAI-PMH xmlns="http://www.openarchives.org/OAI/2.0/" xmlns:xsi="http://www.w3.org/2001/XMLSchema-instance" xsi:schemaLocation="http://www.openarchives.org/OAI/2.0/ http://www.openarchives.org/OAI/2.0/OAI-PMH.xsd"><responseDate>2026-04-17T06:05:24Z</responseDate><request verb="GetRecord" identifier="oai:www.recercat.cat:2445/206126" metadataPrefix="marc">https://recercat.cat/oai/request</request><GetRecord><record><header><identifier>oai:recercat.cat:2445/206126</identifier><datestamp>2025-12-05T13:16:17Z</datestamp><setSpec>com_2072_1057</setSpec><setSpec>col_2072_478798</setSpec><setSpec>col_2072_478917</setSpec></header><metadata><record xmlns="http://www.loc.gov/MARC21/slim" xmlns:dcterms="http://purl.org/dc/terms/" xmlns:xsi="http://www.w3.org/2001/XMLSchema-instance" xmlns:doc="http://www.lyncode.com/xoai" xsi:schemaLocation="http://www.loc.gov/MARC21/slim http://www.loc.gov/standards/marcxml/schema/MARC21slim.xsd">
   <leader>00925njm 22002777a 4500</leader>
   <datafield ind2=" " ind1=" " tag="042">
      <subfield code="a">dc</subfield>
   </datafield>
   <datafield ind2=" " ind1=" " tag="720">
      <subfield code="a">Abdul Rahim, Yassir</subfield>
      <subfield code="e">author</subfield>
   </datafield>
   <datafield ind2=" " ind1=" " tag="720">
      <subfield code="a">Fernández Aranda, Fernando</subfield>
      <subfield code="e">author</subfield>
   </datafield>
   <datafield ind2=" " ind1=" " tag="720">
      <subfield code="a">Jiménez-Murcia, Susana</subfield>
      <subfield code="e">author</subfield>
   </datafield>
   <datafield ind2=" " ind1=" " tag="720">
      <subfield code="a">Hakänsson, Anders</subfield>
      <subfield code="e">author</subfield>
   </datafield>
   <datafield ind2=" " ind1=" " tag="260">
      <subfield code="c">2024-01-22T14:58:34Z</subfield>
   </datafield>
   <datafield ind2=" " ind1=" " tag="260">
      <subfield code="c">2024-01-22T14:58:34Z</subfield>
   </datafield>
   <datafield ind2=" " ind1=" " tag="260">
      <subfield code="c">2023</subfield>
   </datafield>
   <datafield ind2=" " ind1=" " tag="260">
      <subfield code="c">2024-01-22T14:58:34Z</subfield>
   </datafield>
   <datafield ind2=" " ind1=" " tag="520">
      <subfield code="a">Objectives: We aimed to examine potential relationships and gender differences between cardiovascular disease (CVD), diabetes, obesity, respiratory-related disorders, and gambling disorder (GD). We hypothesized that (1) GD patients would be more likely than controls to have CVD, diabetes, obesity, and respiratory-related diseases; and (2) females with GD would be more likely than men with GD to have CVD, diabetes, obesity, and respiratory-related diseases.  Study design: National retrospective case-control study.  Methods: We used data from the Swedish National Board of Health and Welfare between 2005 and 2019. A total of 10,766 patients were included, and 3592 of them had GD. Every GD patient was matched with two age- and gender-matched controls. Patient data, including the history of medical diagnoses, were extracted. Descriptive statistics, Chi-squared and Fisher's exact tests were used to compare GD patients and controls.  Results: GD patients had a higher prevalence of CVD and respiratory-related disorders than controls. Diabetes rates were 5% for GD patients and 2% for controls; CVD (18% vs 12%); respiratory-related disease (7% vs 4%); and obesity (7% vs 3%). Women with a diagnosis of GD have a higher prevalence of obesity and somatic comorbidities other than diabetes compared to men.  Conclusions: This is the largest case-control study conducted to date showing GD patients have a higher prevalence of CVD, diabetes, obesity, and respiratory-related disorders than controls. Women with GD appear to be more susceptible than men to CVD, obesity, and respiratory-related disorders; however, this may be partially explained by differences in help-seeking behavior. Thus, our findings highlight the importance of early identification of GD patients who may also have somatic conditions requiring treatment. This can be accomplished by implementing a screening program for GD, CVD, diabetes, obesity, and respiratory-related disorders, and by including healthy lifestyle management strategies.</subfield>
   </datafield>
   <datafield tag="653" ind2=" " ind1=" ">
      <subfield code="a">Jocs d'atzar</subfield>
   </datafield>
   <datafield tag="653" ind2=" " ind1=" ">
      <subfield code="a">Malalties cardiovasculars</subfield>
   </datafield>
   <datafield tag="653" ind2=" " ind1=" ">
      <subfield code="a">Malalties de l'aparell respiratori</subfield>
   </datafield>
   <datafield tag="653" ind2=" " ind1=" ">
      <subfield code="a">Gambling</subfield>
   </datafield>
   <datafield tag="653" ind2=" " ind1=" ">
      <subfield code="a">Cardiovascular diseases</subfield>
   </datafield>
   <datafield tag="653" ind2=" " ind1=" ">
      <subfield code="a">Respiratory diseases</subfield>
   </datafield>
   <datafield ind2="0" ind1="0" tag="245">
      <subfield code="a">A nationwide case–control study on cardiovascular and respiratory-related disorders in patients with gambling disorder in Sweden</subfield>
   </datafield>
</record></metadata></record></GetRecord></OAI-PMH>